000
00278nam a22001337a 4500
008
210303b ||||| |||| 00| 0 eng d
020
_a
9780880228633
041
_a
eng
080
_a
004
100
_a
35
101
_a
SHKI
245
_a
Using OS/2 2.0
_c
QUE
942
_2
udc
_c
BK
999
_c
55678
_d
55678